Vertebrates - Statistics

General Stats
  • This quiz has been taken 19 times
  • The average score is 11 of 12
Answer Stats
Picture Answer % Correct
Bear
100%
Dog
100%
Shark
100%
Cat
94%
Crocodile
94%
Elephant
94%
Fox
94%
Giraffe
94%
Penguin
94%
Seahorse
94%
Zebra
94%
Fish
88%
No matching quizzes found
Score Distribution
Percent of People with Each Score
Percentile by Number Answered
Your Score History
You have not taken this quiz